| 000 | 00469nam a2200169Ia 4500 | ||
|---|---|---|---|
| 005 | 20250508161835.0 | ||
| 008 | 008 250505s9999 xx 000 0 eng d | ||
| 037 | _aTextual | ||
| 040 |
_aFEDL _beng _cFEDL |
||
| 041 |
_aeng _2eng |
||
| 084 |
_a739, MEI _qFEDL |
||
| 100 |
_aMeilach Dona Z _9771650 |
||
| 245 | 0 | _aDirect metal sculpture : Creative techniques and appreciation | |
| 300 | _a210p. | ||
| 942 |
_cTEXL _h739, MEI |
||
| 999 |
_c1372583 _d1372583 |
||